000 00936nam a22003017a 4500
001 0001051
003 KOHA_MİRAKIL
005 20260207001229.0
007 ta
008 081212b2003 tu |||gr||||#||||0|tur |
020 _a9755113142
_cYTL8,76
040 _aTR-BiSEU
_btur
_cTR-BiSEU
_erda
041 0 _atur
044 _ctu
050 _aTK7825
_b.G85 2003
100 1 _aGüleryüz, H.Veysel.
245 1 _aHobi elektronik devreleri/
_cH.Veysel Güleryüz ; H.Veysel Güleryüz.
264 1 _aİstanbul :
_bBirsen Yayınevi
_c2003
300 _a160 sayfa: resimli
336 _ametin
_btxt
_2rdacontent
337 _aaracısız
_bn
_2rdamedia
338 _acilt
_bnc
_2rdacarrier
490 1 _aUygulamalı Elektronik Devirleri ;
_v5.
650 0 _aElektronik--Amatör el kitapları.
_93810
650 0 _aElectronics--Amateurs' manuals.
_93811
830 1 _aUygulamalı Elektronik Devirleri ;
_v5.
_93812
942 _2lcc
_cBK
999 _c1046
_d1046